Central Library OPAC University of Rajshahi
Normal view MARC view

Entry Topical Term

Number of records used in: 2

001 - CONTROL NUMBER

  • control field: 4343

003 - CONTROL NUMBER IDENTIFIER

  • control field: BD-RjUL

005 - DATE AND TIME OF LATEST TRANSACTION

  • control field: 20220808150834.0

008 - FIXED-LENGTH DATA ELEMENTS

  • fixed length control field: 220808|| aca||aabn | a|a d

040 ## - CATALOGING SOURCE

  • Original cataloging agency: BD-RjUL
  • Transcribing agency: BD-RjUL

150 ## - HEADING--TOPICAL TERM

  • Topical term or geographic name entry element: Islamic sermons, Urdu

670 ## - SOURCE DATA FOUND

  • Source citation: Work cat.: (BD-RjUL)80189: Abdus Salam 1929-1974, author. 4341, Islami K̲h̲ut̤bāt